[Event "Manitoba-ch U20"]
[Site "Winnipeg"]
[Date "2001.10.27"]
[Round "1"]
[White "Gray, Colin"]
[Black "Lafeniere, Adrian"]
[Result "0-1"]
[WhiteElo "970"]
[BlackElo "1738"]
[PlyCount "48"]
[EventDate "2001.10.27"]
[EventType "swiss"]
[EventRounds "4"]
[EventCountry "CAN"]
[SourceTitle "EXT 2022"]
[Source "ChessBase"]
[SourceDate "2021.10.06"]
[SourceVersion "1"]
[SourceVersionDate "2021.10.06"]
[SourceQuality "1"]

1. e4 c5 2. Nf3 Nc6 3. Nc3 g6 4. Bc4 e6 5. 0-0 Bg7 6. d3 Nge7 7. Be3 d5 8. Bb3 d4 9. Bxd4 Nxd4 10. Nxd4 Bxd4 11. Ne2 Bxb2 12. Rb1 Bg7 13. f4 0-0 14. Ng3 Qc7 15. Qf3 Nc6 16. Rf2 Nd4 17. Qg4 Nxb3 18. cxb3 Bd4 19. Rbf1 b6 20. Kh1 Bxf2 21. Rxf2 f5 22. exf5 exf5 23. Qf3 Bb7 24. Qe3 Rfe8 0-1